Countries Foreigner has Visited - Statistics

General Stats
  • This quiz has been taken 12 times
  • The average score is 35 of 42
Answer Stats
Continent Country % Correct
South America Brazil
100%
North America United States of America
100%
South America Argentina
89%
Oceania Australia
89%
North America Canada
89%
Asia China
89%
Europe Denmark
89%
Europe Finland
89%
Europe France
89%
Europe Germany
89%
Europe Iceland
89%
Asia India
89%
Europe Ireland
89%
Asia Israel
89%
Europe Italy
89%
Asia Japan
89%
North America Mexico
89%
Oceania New Zealand
89%
Europe Poland
89%
Europe Portugal
89%
Asia/ Europe Russia
89%
Africa South Africa
89%
Europe Spain
89%
Europe Switzerland
89%
Europe United Kingdom
89%
Europe Austria
78%
Europe Belgium
78%
Europe Bulgaria
78%
South America Chile
78%
North America El Salvador
78%
Europe Estonia
78%
North America Guatemala
78%
Europe Latvia
78%
Asia Malaysia
78%
Europe Netherlands
78%
Europe Norway
78%
South America Peru
78%
Europe Romania
78%
Europe Sweden
78%
South America Venezuela
78%
Europe Luxembourg
67%
Asia Singapore
56%
No matching quizzes found
Score Distribution
Percent of People with Each Score
Percentile by Number Answered
Your Score History
You have not taken this quiz